Statistics for Top 8 Political Villains of the moment....? PICTURE QUIZ

Click here to take the quiz!

General Stats

  • This quiz has been taken 48 times
  • The average score is 5 of 8

Answer Stats

Answer% Correct
Donald Trump
100%
Vladimir Putin
96%
Theresa May
87%
Jair Bolsonaro
49%
Jeremy Corbyn
47%
Sarah Huckabee Sanders
47%
Viktor Orban
40%
Jacob Rees-Mogg
21%

Score Distribution

Percentile by Number Answered

Percent of People with Each Score

Your Score History

You have not taken this quiz